Loading...

Resonance, Vol.14(9)Sep 2009

Bibliografiske detaljer
Format: Printed Book
LEADER 00386nam a2200193 4500
020
082
100
245 |a Resonance, Vol.14(9)Sep 2009 
250
260
300
490
500
590 |a Priya  |b 2011-04-27 16:01:57 
650
942 |c BK 
999 |c 101387  |d 101387 
952 |0 0  |1 0  |4 0  |7 0  |9 114855  |a AQU  |b AQU  |l 0  |p AQUK00505  |r 2019-09-25  |w 2019-09-25  |y BK